Les meilleurs buteurs du Real Madrid - Statistiques

Statistiques générales
  • Ce quiz a été pris 109 fois
  • Le résultat moyen est 5 sur 15
Statistiques - réponses
Nombre de Buts Joueurs % Correct
450 Cristiano Ronaldo
100%
354 Karim Benzema
97%
323 Raúl
74%
278 Alfredo di Stéfano
66%
204 Ferenc Puskás
36%
121 Gonzalo Higuaín
30%
168 Emilio Butragueño
24%
165 Paco Gento
22%
199 Hugo Sánchez
17%
127 Fernando Hierro
14%
207 Santillana
11%
156 Pirri
5%
130 Míchel
3%
144 Amancio
2%
114 Juanito
2%
Aucun quiz correspondant
Distribution des résultats
% des personnes avec chaque résultat
Percentile par nombre de réponses
Votre historique - résultats
Vous n’avez pas pris ce quiz